Engineering escherichia coli for increased productivity of serine-rich proteins based on proteome profiling /
Spremljeno u:
| Daljnji autori: | , , , |
|---|---|
| Format: | Članak |
| Jezik: | English |
| Teme: | |
| Oznake: |
Dodaj oznaku
Bez oznaka, Budi prvi tko označuje ovaj zapis!
|
| Thư viện lưu trữ: | Thư viện Trường Đại học Đà Lạt |
|---|
| LEADER | 01070nam a2200361 4500 | ||
|---|---|---|---|
| 001 | DLU090092771 | ||
| 005 | ##20091201 | ||
| 040 | # | # | |a DLU |b eng |
| 041 | # | # | |a eng |
| 044 | # | # | |a us |
| 245 | # | # | |a Engineering escherichia coli for increased productivity of serine-rich proteins based on proteome profiling / |c Mee-Jung Han ... [et al.]. |
| 653 | # | # | |a Bacteria |
| 653 | # | # | |a Enterobacteriaceae |
| 653 | # | # | |a Escherichia coli |
| 653 | # | # | |a Productivity |
| 653 | # | # | |a Protein |
| 653 | # | # | |a Proteome |
| 653 | # | # | |a Recombinant protein |
| 653 | # | # | |a Serine |
| 700 | # | # | |a Han, Mee-Jung. |
| 700 | # | # | |a Jeong, Ki Jun. |
| 700 | # | # | |a Lee, Sang Yup. |
| 700 | # | # | |a Yoo, Jong-Shin. |
| 773 | # | # | |t Applied and Environmental Microbiology |g Vol. 69, no. 10 (October 2003), p. 5772-5781 |
| 920 | # | # | |a Phòng Tạp chí -- Trung tâm Thông tin - Thư viện Trường Đại học Đà Lạt |
| 994 | # | # | |a DLU |
| 900 | # | # | |a True |
| 911 | # | # | |a Trương Bảo Trâm Anh |
| 925 | # | # | |a G |
| 926 | # | # | |a A |
| 927 | # | # | |a BB |
| 980 | # | # | |a Thư viện Trường Đại học Đà Lạt |